00400pab a2200133 454500008004000000100001800040245008600058260000900144300001500153362000800168650001800176700002400194773004800218180718b2013 xxu||||| |||| 00| 0 eng d aFujii, Tomoki aHow does childbirth after intrahousehold resource allocation? Evidence from Japan c2013 ap.362-387. aJun aChild welfare aIshikawa, Ryuichiro aOxford Bulletin of Economics and Statistics